00320nam a2200121Ia 4500008004100000041000800041082002000049100001900069245004500088260003300133300002700166365000500193240624s9999 xx 000 0 und d aeng a658.4038011 BLA aDAVIS GORDON B aBLACKWELL ENCYCLOPEDIC DICTIONARY OF MAN c1999aUKbBlackwell Business aviii, : 263 : cm. ; 25 c